Right to information and freedom of press (Record no. 402295)

000 -LEADER
fixed length control field 00407cam a22001457a 4500
008 - FIXED-LENGTH DATA ELEMENTS--GENERAL INFORMATION
fixed length control field 180718b2004 xxu||||| |||| 00| 0 eng d
020 ## - INTERNATIONAL STANDARD BOOK NUMBER
International Standard Book Number 8173916187
082 ## - DEWEY DECIMAL CLASSIFICATION NUMBER
Classification number I548 Sa97
100 ## - MAIN ENTRY--PERSONAL NAME
Personal name Saxena, Ambrish
245 ## - TITLE STATEMENT
Title Right to information and freedom of press
Statement of responsibility, etc. by Ambrish Saxena
260 ## - PUBLICATION, DISTRIBUTION, ETC.
Place of publication, distribution, etc. New Delhi
Name of publisher, distributor, etc. Kanishka
Date of publication, distribution, etc. 2004
300 ## - PHYSICAL DESCRIPTION
Extent 196p.
650 ## - SUBJECT ADDED ENTRY--TOPICAL TERM
Topical term or geographic name entry element Freedom of press
650 ## - SUBJECT ADDED ENTRY--TOPICAL TERM
Topical term or geographic name entry element Freedom of information
Holdings
Withdrawn status Lost status Damaged status Not for loan Permanent Location Current Location Date acquired Full call number Barcode Date last seen Price effective from Koha item type
        Indian Institute of Public Administration Indian Institute of Public Administration 2004-04-01 I548 Sa97 79110 2018-07-21 2018-07-21 Book

Powered by Koha